Statistics for Current WWE Champions (May 2024)

Click here to take the quiz!

General Stats

  • This quiz has been taken 266 times
    (10 since last reset)
  • The average score is 14 of 18

Answer Stats

WWE Title NameChampion% Correct
Undisputed WWE Universal ChampionshipCody Rhodes
100%
Women's World ChampionshipBecky Lynch
90%
Women's Tag Team ChampionshipBianca Belair
90%
World Heavyweight ChampionshipDamian Priest
90%
Women's Tag Team ChampionshipJade Cargill
90%
Intercontinental ChampionshipSami Zayn
90%
Smackdown Tag Team ChampionshipAustin Theory
80%
WWE Women's ChampionshipBayley
80%
Smackdown Tag Team ChampionshipGrayson Waller
80%
United States ChampionshipLogan Paul
80%
NXT North American ChampionshipOba Femi
80%
NXT ChampionshipTrick Williams
80%
NXT Women's ChampionshipRoxanne Perez
70%
Raw Tag Team ChampionshipR-Truth
70%
Raw Tag Team ChampionshipThe Miz
70%
NXT Tag Team ChampionshipAxiom
60%
NXT Heritage Cup ChampionCharlie Dempsey
60%
NXT Tag Team ChampionshipNathan Frazer
50%

Score Distribution

Percentile by Number Answered

Percent of People with Each Score

Your Score History

You have not taken this quiz since the last reset